000 00338nam a2200133Ia 4500
008 240624s9999 xx 000 0 und d
041 _aeng
082 _a828 RAZ
100 _aRAZA AZRA
245 _aTRIBUTE TO GHALIB TWENTY ONE GHAZALS REI
260 _c2017
_aNew Delhi
_bPenguin
300 _axvi, 183 p.; 19 cm.
365 _cRS
_b28.5
999 _c29609
_d29609